logo

Bir Sreshtho Munshi Abdur Rouf Library
Jhenaidah Cadet College

University physics : (Record no. 8336)

MARC details
000 -LEADER
fixed length control field 01093nam a2200349 a 4500
001 - CONTROL NUMBER
JCCL Control Number 8336
003 - CONTROL NUMBER IDENTIFIER
JCCL marc code BD-JhCC
005 - DATE AND TIME OF LATEST TRANSACTION
control field 20220322134023.0
008 - FIXED-LENGTH DATA ELEMENTS--GENERAL INFORMATION
fixed length control field 180222s1982 maua 001 0 eng d
020 ## - INTERNATIONAL STANDARD BOOK NUMBER
International Standard Book Number 0201071991 (pbk.)
020 ## - INTERNATIONAL STANDARD BOOK NUMBER
International Standard Book Number 0201071959
035 ## - SYSTEM CONTROL NUMBER
system control number (BD-JhCC)8336
040 ## - CATALOGING SOURCE
Original cataloging agency BD-JhCC
Modifying agency BD-JhCC
041 ## - LANGUAGE CODE
Language code of Book eng
050 #0 - LIBRARY OF CONGRESS CALL NUMBER
Classification number QC21.2
Item number S36 1982
082 ## - DEWEY DECIMAL CLASSIFICATION NUMBER
Author mark and Year SEA 1982
Classification number 530.0711
100 1# - MAIN ENTRY--PERSONAL NAME
Personal name Sears, Francis Weston,
Dates associated with a name 1898-1975.
245 10 - TITLE STATEMENT
Title University physics :
Remainder of title Mechanics, Heat, and Sound /
Statement of responsibility, etc Francis W. Sears, Mark W. Zemansky, Hugh D. Young.
250 ## - EDITION STATEMENT
Edition statement 2nd ed.
260 ## - PUBLICATION, DISTRIBUTION, ETC. (IMPRINT)
Place of publication, distribution, etc Reading, Mass. ;
-- London :
Name of publisher, distributor, etc Addison-Wesley Pub. Co,
Date of publication, distribution, etc c1982.
300 ## - PHYSICAL DESCRIPTION
Pagination xiii, 454 p. :
Other physical details ill. ;
Dimensions 27 cm.
490 1# - SERIES STATEMENT
Series statement Addison-Wesley series in physics
490 1# - SERIES STATEMENT
Series statement Addison-Wesley world student series.
504 ## - BIBLIOGRAPHY, ETC. NOTE
Bibliography, etc Includes index.
650 #0 - SUBJECT ADDED ENTRY--TOPICAL TERM
Topical term or geographic name as entry element Physics.
700 1# - ADDED ENTRY--PERSONAL NAME
Personal name Young, Hugh D.
700 1# - ADDED ENTRY--PERSONAL NAME
Personal name Zemansky, Mark Waldo,
Dates associated with a name 1900-1981.
830 #0 - SERIES ADDED ENTRY--UNIFORM TITLE
Uniform title Addison-Wesley series in physics
830 #0 - SERIES ADDED ENTRY--UNIFORM TITLE
Uniform title Addison-Wesley world student series.
942 ## - ADDED ENTRY ELEMENTS (KOHA)
Source of classification or shelving scheme Dewey Decimal Classification
Koha item type Books
Koha issues (borrowed), all copies 2
Holdings
Source of classification or shelving scheme Damaged status Not for loan Home library Current library Shelving location Date of accession Source of acquisition Total Checkouts Full call number Barcode Date last seen Date checked out Copy number Koha item type
Dewey Decimal Classification     JCC Rouf Library JCC Rouf Library General Stacks 02/22/2018 Asia foundation 2 530.0711 SEA 1982 10887 06/17/2025 12/10/2024 C-1 Books
Dewey Decimal Classification     JCC Rouf Library JCC Rouf Library General Stacks       530.0711 SEA 1982 11597 03/13/2018   C - 1 Books

JCC Library | Contacts | JCC Home

Last Update on 23 September 2017
Copyright @ 2017-2020 JCC Rouf Library
Rouf Library, Jhenidah Cadet College (JCC), Bangladesh